| 000 | 00932cad a22002295a 4500 | ||
|---|---|---|---|
| 001 | L152822 | ||
| 008 | 110504s2009 xxk f 000 0 eng d | ||
| 035 | _a(Sirsi) u152822 | ||
| 041 | 0 | _aeng | |
| 050 | 0 | 4 | _a346.41043 $2 18 |
| 110 | 2 |
_aLand Registry _95885 |
|
| 245 | 0 | 0 |
_aTitle plans and boundaries _h[electronic resource] |
| 260 |
_aLondon _bLand Registry _c2009 |
||
| 490 | 0 |
_aLand Registry Public Guides _v19 |
|
| 520 | _aOutlined the purpose of title plans based on Ordnance Survey maps held by the Land Registry and their role in solving boundary disputes. | ||
| 590 | _aKA | ||
| 650 | 2 | 4 | _aLAND REGISTRATION ACT 2002 |
| 651 | 4 |
_aEngland and Wales _y1543- |
|
| 690 | _aPROPERTY-PROPERTY ACQUISITION AND DISPOSAL-REGISTRATION OF TITLE TO PROPERTY-LAND REGISTRATION | ||
| 856 | 4 | 0 |
_uhttps://www.landreg.gov.uk/upload/documents/public_guide_019.pdf _zView this item free of charge at www.landregistry.gov.uk |
| 942 | _n0 | ||
| 999 |
_c112221 _d112221 |
||